Sports Quiz

Random Sports or Europe Quiz

Top 10 Assists in the 2011-12 European Football Leagues Quiz Stats

 Plays Quiz not verified by Sporcle

Score 0/68 Timer 10:00
0 Plays Today
League Player % Correct
La LigaLionel Messi
92.9%
Premier LeagueDavid Silva
90.5%
La LigaCristiano Ronaldo
89.7%
La LigaAndrés Iniesta
84%
La LigaMesut Özil
83.3%
Premier LeagueGareth Bale
80.7%
Premier LeagueRobin van Persie
76.2%
Premier LeagueNani
75.4%
Premier LeagueJuan Mata
75.3%
Premier LeagueAntonio Valencia
69.8%
BundesligaFranck Ribéry
68.5%
La LigaÁngel Di María
68.4%
Premier LeagueTheo Walcott
66.6%
Ligue 1Eden Hazard
64.3%
La LigaCesc Fábregas
63.8%
Serie AAndrea Pirlo
60.2%
Premier LeagueAshley Young
56.9%
La LigaDani Alves
56.8%
La LigaGonzalo Higuain
56.5%
Premier LeagueEmmanuel Adebayor
55.4%
BundesligaThomas Müller
54.2%
BundesligaMarco Reus
52.7%
Premier LeagueAlex Song
50.8%
La LigaKaká
45.5%
BundesligaShinji Kagawa
43%
Serie AMarek Hamšík
41.2%
BundesligaToni Kroos
40.4%
La LigaJesús Navas
39.7%
Serie ARobinho
37.6%
Ligue 1Olivier Giroud
33.5%
Ligue 1Nenê
32.9%
BundesligaRobert Lewandowski
30.8%
EredivisieChristian Eriksen
29.5%
EredivisieSiem de Jong
29.3%
League Player % Correct
Serie ASebastian Giovinco
27.5%
Serie AFabrizio Miccoli
22.7%
Ligue 1Mathieu Valbuena
20.4%
Ligue 1Jérémy Menez
20%
BundesligaJefferson Farfán
19.8%
Serie AMirko Vucinic
18.5%
Serie AAntonio Cassano
17.2%
BundesligaClaudio Pizarro
14.2%
Serie AErik Lamela
14.1%
Serie AMiralem Pjanić
12.8%
Ligue 1Marvin Martin
11.8%
EredivisieDries Mertens
11.1%
BundesligaJuan Arango
10%
Ligue 1Pierre-Emerick Aubameyang
9.8%
Ligue 1Michel Bastos
9.5%
Ligue 1Dimitri Payet
8.1%
EredivisieLuciano Narsingh
7.7%
EredivisieOla John
6%
EredivisieKevin Strootman
5.9%
EredivisieJeremain Lens
4.6%
La LigaGonzalo Castro
4.3%
Serie APablo Armero
3.9%
EredivisieDušan Tadić
3.9%
Ligue 1Ludovic Obraniak
3.8%
EredivisieFilip Đuričić
3.6%
Serie AJonathan Biabiany
2.6%
Ligue 1Julien Féret
2.6%
Ligue 1Jonathan Pitroipa
2%
EredivisieBrett Holman
1.8%
BundesligaTamás Hajnal
1.6%
BundesligaAshkan Dejagah
1.5%
EredivisieMads Junker
1.4%
Ligue 1Dennis Oliech
1%
EredivisieMitchell Schet
0.7%

You're not logged in!

Compare scores with friends on all Sporcle quizzes.
Join for Free
OR
Log In

You Might Also Like...

Show Comments

Extras

Top Quizzes Today


Score Distribution

Your Account Isn't Verified!

In order to create a playlist on Sporcle, you need to verify the email address you used during registration. Go to your Sporcle Settings to finish the process.

Report this User

Report this user for behavior that violates our Community Guidelines.

Details: